| 000 | 00570nam a2200205Ia 4500 | ||
|---|---|---|---|
| 003 | OSt | ||
| 005 | 20250130101924.0 | ||
| 008 | 210707s1983 xx 000 0 und d | ||
| 040 | _cAL | ||
| 041 | _aKannada | ||
| 082 | _aK894.1 NARH | ||
| 100 |
_aNARASIMHACHAR (Pu Ti) _dಪು. ತಿ. ನರಸಿಂಹಾಚಾರ್ _9196166 |
||
| 245 |
_aHamsadamayanti. _bಹಂಸದಮಯಂತಿ |
||
| 260 |
_aBengaluru _bVishva Kannada Sammelana _c1983 |
||
| 300 | _a63 p | ||
| 365 |
_b2 _cINR |
||
| 563 | _aPB | ||
| 650 |
_aKannada Poetry _9196167 |
||
| 942 |
_2ddc _cBK |
||
| 999 |
_c180122 _d180122 |
||